Experimentálna a teoretická analýza skrutkových spojov v sklených konštrukciách

Gespeichert in:
Bibliographische Detailangaben
1. Verfasser: Ondrušková, Lucia (Verfasst von)
Weitere Verfasser: Brodniansky, Ján (Betreuung Doktorarbeit)
Format: Manuskript Buch
Sprache:Slowakisch
Veröffentlicht: 2023
Schlagworte:
Online-Zugang:http://is.stuba.sk/zp/portal_zp.pl?podrobnosti=152574
Tags: Tag hinzufügen
Keine Tags, Fügen Sie das erste Tag hinzu!

MARC

LEADER 00000ntm a22000003a 4500
001 stuzp71335
003 SK-STU
005 20230909210417.5
007 ta
008 150427s2015----xo-----f-mn---000-0-slo-d
040 |a STU  |b slo 
041 0 |a slo 
100 1 |a Ondrušková, Lucia  |u 010190  |4 aut  |U SvF Stavebná fakulta  |T SvF Katedra kovových a drevených konštrukcií  |X 56719  |U V190  |Y 21  |7 56719 
242 0 1 |a Experimental and theoretical analysis of bolted connections in glass structures  |y eng 
245 1 0 |a Experimentálna a teoretická analýza skrutkových spojov v sklených konštrukciách 
260 |c 2023 
650 4 |a vrstvené sklo  |2 slo 
650 4 |a skrutkový spoj  |2 slo 
650 4 |a zvyšková odolnosť  |2 slo 
650 4 |a laminated glass  |2 eng 
650 4 |a bolted connection  |2 eng 
650 4 |a residual resistance  |2 eng 
700 1 |a Brodniansky, Ján  |u 010190  |k Z1  |4 ths  |U SvF Stavebná fakulta  |T SvF Katedra kovových a drevených konštrukcií  |X 1013  |U V190  |Y 21  |7 A000001013 
856 4 |u http://is.stuba.sk/zp/portal_zp.pl?podrobnosti=152574